000 00518nam a22001937a 4500
999 _c12912
_d12912
008 211227b ||||| |||| 00| 0 eng d
020 _cRs.60.00
041 0 _ahin
082 0 0 _a891.4309
_bM6843
100 _93451
_aMitra, Bimal
245 1 0 _aTriveni /
_cBy Bimal Mitra
245 1 0 _aत्रिवेणी /
_cबिमल मित्रा
250 _a1st ed.
260 _aNew Delhi:
_bShanmarg prakashan,
_c1992.
300 _a144 p.
365 _binr 60.00
650 0 _aHindi Literature
942 _cBK